How the Fake Newsman Won Over America (Record no. 333533)
[ view plain ]
| 000 -LEADER | |
|---|---|
| fixed length control field | 00515nam a2200097Ia 4500 |
| 008 - FIXED-LENGTH DATA ELEMENTS--GENERAL INFORMATION | |
| fixed length control field | 170517s9999 xx 000 0 und d |
| 245 ## - TITLE STATEMENT | |
| Title | How the Fake Newsman Won Over America |
| 300 ## - PHYSICAL DESCRIPTION | |
| Extent | This micro-documentary installment of the Bloomberg Game Changers series chronicles the early life and ongoing career growth of comedian and Daily Show host Jon Stewart and how he rose from being an alternative comic to one of the most... |
| 650 ## - SUBJECT ADDED ENTRY--TOPICAL TERM | |
| General subdivision | Media. |
| 856 ## - ELECTRONIC LOCATION AND ACCESS | |
| Uniform Resource Identifier | <a href="http://topdocumentaryfilms.com/fake-newsman-won-america/">http://topdocumentaryfilms.com/fake-newsman-won-america/</a> |
| Withdrawn status | Lost status | Damaged status | Home library | Current library | Date acquired | Total Checkouts | Date last seen | Price effective from | Koha item type |
|---|---|---|---|---|---|---|---|---|---|
| College Library | College Library | 05/17/2017 | 05/17/2017 | 05/17/2017 | Documentary Films |